Lecciones sobre la filosofia de la historia universal (Registro nro. 3180)
[ vista simple ]
| 000 -LEADER | |
|---|---|
| fixed length control field | 01618 a2200241 4500 |
| 001 - CONTROL NUMBER | |
| control field | 40113 |
| 005 - DATE AND TIME OF LATEST TRANSACTION | |
| control field | 20260407155656.0 |
| 008 - FIXED-LENGTH DATA ELEMENTS--GENERAL INFORMATION | |
| fixed length control field | 260407a1986 arg spa d |
| 003 - CONTROL NUMBER IDENTIFIER | |
| control field | AR-UNSa-BCEJYS |
| 040 ## - CATALOGING SOURCE | |
| Original cataloging agency | AR-UNSa-BCEJYS |
| Language of cataloging | spa |
| Transcribing agency | AR-UNSa-BCEJYS |
| 080 ## - UNIVERSAL DECIMAL CLASSIFICATION NUMBER | |
| Universal Decimal Classification number | 930.1 |
| Common auxiliary subdivision | La historia como ciencia. Teoría y filosofía de la historia. Morfología de la historia |
| 020 ## - INTERNATIONAL STANDARD BOOK NUMBER | |
| International Standard Book Number | 84-206-2265-6 |
| 041 ## - LANGUAGE CODE | |
| Language code of text/sound track or separate title | spa |
| 100 1# - MAIN ENTRY--PERSONAL NAME | |
| Personal name | Wilhelm, Georg |
| 245 10 - TITLE STATEMENT | |
| Title | Lecciones sobre la filosofia de la historia universal |
| 264 #1 - PRODUCTION, PUBLICATION, DISTRIBUTION, MANUFACTURE, AND COPYRIGHT NOTICE | |
| Place of production, publication, distribution, manufacture | Madrid : |
| Name of producer, publisher, distributor, manufacturer | Alianza Editorial |
| Date of production, publication, distribution, manufacture, or copyright notice | 1986 |
| 300 ## - PHYSICAL DESCRIPTION | |
| Extent | 701 p. |
| Dimensions | 20 cm. |
| 505 ## - FORMATTED CONTENTS NOTE | |
| Formatted contents note | Introducción general: 1. La visión racional de la historia universal - 2. La idea de la historia y su realización - 3. El curso de la historia universal - Introducción especial: 1. La distinta manera de considerar la historia - 2. La conexión de la naturaleza o los fundanemtos geográficos de la historia universal - 3. División de la historia universal - Parte I: El mundo oriental : 1. China - 2. India - 3. Persia - 4. Asia occidental - 5. Egipto - Parte II: El mundo griego : 1. Los elementos del mundo griego - 2. La madurez del espíritu griego - 3. La afirmación histórica del espíritu griego - Parte III: El mundo romano : 1. Los elementos del espiritu romano - 2. Historia del estado romano - 3. El cristianismo - Parte IV: El mundo germánico : 1. Primer periodo : El comienzo - 2. Segundo periodo: La edad media - 3. Tercer periodo : La edad moderna |
| 590 ## - LOCAL NOTE (RLIN) | |
| Local note | niveau_biblio:m niveau_hierar:0 |
| 700 1# - ADDED ENTRY--PERSONAL NAME | |
| Personal name | Hegel, Georg Wilhelm Friedrich |
| 700 1# - ADDED ENTRY--PERSONAL NAME | |
| Personal name | Ortega y Gasset, José |
| 942 ## - ADDED ENTRY ELEMENTS (KOHA) | |
| Koha item type | |
| Withdrawn status | Lost status | Damaged status | Not for loan | Home library | Current library | Shelving location | Date acquired | Total checkouts | Full call number | Barcode | Date last seen | Price effective from | Koha item type |
|---|---|---|---|---|---|---|---|---|---|---|---|---|---|
| Biblioteca Prof. Eusebio Cleto del Rey | Biblioteca Prof. Eusebio Cleto del Rey | 07/04/2026 | 930.1 W678 | L45754 | 07/04/2026 | 07/04/2026 | Libro |